[Event "GRE-chT 44th"]
[Site "Achaia"]
[Date "2016.07.10"]
[Round "7.13"]
[White "Liaskos, Leonidas"]
[Black "Prezerakos, Dimitrios"]
[Result "1/2-1/2"]
[WhiteElo "2091"]
[BlackElo "2017"]
[PlyCount "84"]
[EventDate "2016.07.05"]
[EventType "team-swiss"]
[EventRounds "7"]
[EventCountry "GRE"]
[SourceTitle "CBM 173 Extra"]
[Source "ChessBase"]
[SourceDate "2016.08.29"]
[SourceVersion "1"]
[SourceVersionDate "2016.08.29"]
[SourceQuality "1"]
[WhiteTeam "Egaleo CN"]
[BlackTeam "Naples Sykeon"]
[WhiteTeamCountry "GRE"]
[BlackTeamCountry "GRE"]

1. e4 e6 2. d4 d5 3. Nc3 Bb4 4. e5 Ne7 5. a3 Bxc3+ 6. bxc3 c5 7. a4 Qa5 8. Bd2 Nbc6 9. Nf3 Qc7 10. Bd3 Bd7 11. 0-0 c4 12. Be2 h6 13. Bc1 g5 14. Ba3 Nf5 15. Qd2 Nce7 16. Rfb1 Bc6 17. a5 Kd7 18. g4 Nh4 19. Nxh4 gxh4 20. Qf4 Rh7 21. Bxe7 Kxe7 22. Qf6+ Kd7 23. Qxh4 Rg8 24. Kh1 Kc8 25. f4 Qd7 26. Rg1 Rgh8 27. Qf6 Ba4 28. Ra2 Qe8 29. h4 h5 30. gxh5 Rh6 31. Qg5 Bd7 32. Qg3 Qf8 33. Raa1 f5 34. exf6 Rxf6 35. Raf1 Be8 36. Qg5 Rf5 37. Qg7 Qxg7 38. Rxg7 Bxh5 39. Bxh5 Rfxh5 40. Rg4 Rxh4+ 41. Rxh4 Rxh4+ 42. Kg2 Kc7 1/2-1/2

[Event "GRE-chT 42nd"]
[Site "Porto Rio"]
[Date "2014.07.02"]
[Round "6.3"]
[White "Liaskos, Leonidas"]
[Black "Iskos, Alexandros"]
[Result "1/2-1/2"]
[WhiteElo "2103"]
[BlackElo "2172"]
[PlyCount "143"]
[EventDate "2014.06.28"]
[EventType "team-swiss"]
[EventRounds "7"]
[EventCountry "GRE"]
[SourceTitle "CBM 161 Extra"]
[Source "ChessBase"]
[SourceDate "2014.08.29"]
[SourceVersion "1"]
[SourceVersionDate "2014.08.29"]
[SourceQuality "1"]
[WhiteTeam "Aigaleo"]
[BlackTeam "Mapou Thunder"]
[WhiteTeamCountry "GRE"]
[BlackTeamCountry "GRE"]

1. e4 c5 2. Nf3 Nc6 3. Nc3 d6 4. d4 cxd4 5. Nxd4 e5 6. Nf3 Be7 7. Nd5 Nf6 8. Nxe7 Qxe7 9. Bg5 h6 10. Bxf6 Qxf6 11. Bc4 0-0 12. Qe2 Bg4 13. c3 Rac8 14. 0-0 Ne7 15. Bb3 Ng6 16. Qe3 Bxf3 17. Qxf3 Qxf3 18. gxf3 Nh4 19. Bd1 Rfd8 20. Be2 d5 21. exd5 Rxd5 22. Rfd1 Rcd8 23. Rxd5 Rxd5 24. Rd1 Rxd1+ 25. Bxd1 Ng6 26. Bc2 Nf4 27. Kf1 Kf8 28. Ke1 g6 29. Kd2 Ke7 30. Bb3 f6 31. Ke3 Kd6 32. Bc4 f5 33. Bb3 Kc5 34. Bf7 a5 35. a3 a4 36. Be8 b5 37. Bf7 g5 38. Bg8 Nd5+ 39. Ke2 Nb6 40. Kd2 Nc4+ 41. Kc2 e4 42. fxe4 fxe4 43. b4+ axb3+ 44. Kxb3 Ne5 45. Bh7 Ng4 46. Bxe4 Nxh2 47. Bf5 h5 48. Be6 Nf3 49. Kc2 Ne5 50. Kd2 Nc4+ 51. Ke2 Nxa3 52. f4 gxf4 53. Kf3 Kd6 54. Bf7 Ke5 55. Bg6 h4 56. Kg4 Nc4 57. Kxh4 Ne3 58. Bd3 Nf5+ 59. Kg4 Nd6 60. Kf3 Nc4 61. Kg4 Ne3+ 62. Kf3 Nc4 63. Kg4 Ne3+ 64. Kf3 Nd5 65. Bxb5 Nxc3 66. Bc6 Nd1 67. Ba8 Ne3 68. Bb7 Nf5 69. Ba8 Nd4+ 70. Kg4 f3 71. Bxf3 Nxf3 72. Kxf3 1/2-1/2

[Event "GRE-chT 39th"]
[Site "Eretria"]
[Date "2011.07.06"]
[Round "5.11"]
[White "Gouloutis, Nikolaos"]
[Black "Liaskos, Leonidas"]
[Result "0-1"]
[WhiteElo "1758"]
[BlackElo "2107"]
[PlyCount "184"]
[EventDate "2011.07.03"]
[EventType "team-swiss"]
[EventRounds "7"]
[EventCountry "GRE"]
[SourceTitle "CBM 143 Extra"]
[Source "ChessBase"]
[SourceDate "2011.08.29"]
[SourceVersion "1"]
[SourceVersionDate "2011.08.29"]
[SourceQuality "1"]
[WhiteTeam "Polichnis"]
[BlackTeam "Aigaleo"]
[WhiteTeamCountry "GRE"]
[BlackTeamCountry "GRE"]

1. d4 Nf6 2. c4 g6 3. Nc3 Bg7 4. e4 d6 5. f3 e5 6. d5 Nfd7 7. Nh3 Bh6 8. Be2 Nc5 9. Nf2 Bxc1 10. Qxc1 a5 11. Qh6 Nba6 12. 0-0 Qe7 13. Nd3 Bd7 14. f4 Nxd3 15. Bxd3 0-0-0 16. f5 f6 17. Qe3 Nc5 18. Bc2 Rhg8 19. b3 gxf5 20. exf5 Qg7 21. Rf2 Qg5 22. Qxg5 Rxg5 23. Re1 Rdg8 24. Ree2 Be8 25. Ne4 Nxe4 26. Bxe4 Bh5 27. Re3 Kd7 28. g3 Bf7 29. Kg2 c6 30. Rd2 Ke7 31. Rc2 Rc8 32. Rcc3 Rgg8 33. h3 cxd5 34. cxd5 Kd7 35. Kf3 Rc5 36. Rcd3 Rc2 37. Re2 Rxg3+ 38. Kxg3 Rxe2 39. Bf3 Rxa2 40. Rc3 Rd2 41. Rc4 Bxd5 42. Bxd5 Rxd5 43. Rh4 Rd3+ 44. Kg2 Rxb3 45. Rxh7+ Kc6 46. h4 a4 47. Rh8 Rb6 48. Ra8 Ra6 49. Rxa6+ bxa6 50. h5 a3 51. h6 a2 52. h7 a1Q 53. h8Q Qb2+ 54. Kg1 Qd4+ 55. Kh2 Qf4+ 56. Kg2 Qxf5 57. Qa8+ Kd7 58. Qb7+ Ke8 59. Qc6+ Qd7 60. Qxa6 Ke7 61. Qa8 f5 62. Qh8 Qc6+ 63. Kg1 Qc1+ 64. Kg2 Qd2+ 65. Kg1 Qg5+ 66. Kf1 e4 67. Qh7+ Ke6 68. Qh8 Qf4+ 69. Kg2 Qg4+ 70. Kf1 Kd5 71. Qa8+ Ke5 72. Qa5+ Kf4 73. Qd2+ Kg3 74. Qg2+ Kh4 75. Qd2 Qh3+ 76. Kg1 e3 77. Qc3 Qg3+ 78. Kh1 Qf3+ 79. Kh2 Qf2+ 80. Kh1 Kg3 81. Qg7+ Kf3 82. Qb7+ Ke2 83. Qa6+ Kd1 84. Qa1+ Kd2 85. Qb2+ Kd3 86. Qb3+ Ke4 87. Qb4+ Kf3 88. Qb7+ Kf4 89. Qb4+ Kg3 90. Qxd6+ Qf4 91. Qg6+ Qg4 92. Qd6+ f4 0-1

[Event "GRE-chT 39th"]
[Site "Eretria"]
[Date "2011.07.05"]
[Round "4.8"]
[White "Kolomvakis, Stelios"]
[Black "Liaskos, Leonidas"]
[Result "0-1"]
[WhiteElo "1752"]
[BlackElo "2107"]
[PlyCount "108"]
[EventDate "2011.07.03"]
[EventType "team-swiss"]
[EventRounds "7"]
[EventCountry "GRE"]
[SourceTitle "CBM 143 Extra"]
[Source "ChessBase"]
[SourceDate "2011.08.29"]
[SourceVersion "1"]
[SourceVersionDate "2011.08.29"]
[SourceQuality "1"]
[WhiteTeam "Heraklion OAA"]
[BlackTeam "Aigaleo"]
[WhiteTeamCountry "GRE"]
[BlackTeamCountry "GRE"]

1. d4 Nf6 2. c4 g6 3. Nc3 Bg7 4. e4 d6 5. f3 e5 6. Be3 exd4 7. Bxd4 Nc6 8. Be3 Be6 9. Qd2 0-0 10. Bd3 Ne5 11. b3 Nfd7 12. Bc2 Qh4+ 13. Bf2 Qf6 14. Nge2 Bh3 15. f4 Bxg2 16. 0-0-0 Bxh1 17. Nd5 Qd8 18. Rxh1 Nc6 19. h4 Nf6 20. Ng3 Ne7 21. Ne3 Qd7 22. f5 Bh6 23. Qe2 gxf5 24. Nh5 Qe6 25. Nxf6+ Qxf6 26. Kb1 Bg7 27. Kc1 Qb2+ 28. Kd2 Qc3+ 29. Kc1 Qb2+ 30. Kd2 Qc3+ 31. Kc1 fxe4 32. Rg1 Qb2+ 33. Kd2 Ng6 34. Qg4 Qf6 35. Nf5 c5 36. h5 Rae8 37. Be3 Re5 38. Nxg7 Kxg7 39. hxg6 fxg6 40. Bxe4 Rfe8 41. Bd5 Rxd5+ 42. cxd5 Qb2+ 43. Kd3 Qxa2 44. Qc4 a6 45. Rc1 Re5 46. Rc2 Qb1 47. Kd2 b5 48. Qd3 Qh1 49. Kc3 Rxd5 50. Qe2 Re5 51. Qf2 Qa1+ 52. Rb2 b4+ 53. Kc2 Qh1 54. Kd2 Rd5+ 0-1

[Event "GRE-chT 39th"]
[Site "Eretria"]
[Date "2011.07.04"]
[Round "2.7"]
[White "Megalios, Konstantinos"]
[Black "Liaskos, Leonidas"]
[Result "0-1"]
[WhiteElo "2008"]
[BlackElo "2107"]
[PlyCount "90"]
[EventDate "2011.07.03"]
[EventType "team-swiss"]
[EventRounds "7"]
[EventCountry "GRE"]
[SourceTitle "CBM 143 Extra"]
[Source "ChessBase"]
[SourceDate "2011.08.29"]
[SourceVersion "1"]
[SourceVersionDate "2011.08.29"]
[SourceQuality "1"]
[WhiteTeam "Amfissa Chess Union"]
[BlackTeam "Aigaleo"]
[WhiteTeamCountry "GRE"]
[BlackTeamCountry "GRE"]

1. d4 Nf6 2. c4 g6 3. Nc3 Bg7 4. e4 d6 5. f3 0-0 6. Be3 Nc6 7. Nge2 a6 8. Qd2 Rb8 9. Rc1 e5 10. d5 Ne7 11. Ng3 h5 12. Bd3 Kh7 13. 0-0 h4 14. Nh1 Nh5 15. Nf2 Ng8 16. c5 Bh6 17. cxd6 cxd6 18. Rfe1 Nf4 19. Bf1 Nf6 20. Ne2 N6h5 21. Nxf4 Bxf4 22. Bxf4 Nxf4 23. Nd3 Nxd3 24. Bxd3 Bd7 25. Qb4 Be8 26. Rc2 f6 27. Rec1 Rf7 28. a4 b5 29. a5 g5 30. Bf1 Kg6 31. g3 hxg3 32. hxg3 Rh7 33. Qd2 b4 34. Bxa6 Qxa5 35. Bc8 Rxc8 36. Rxc8 Qb6+ 37. Kg2 Bd7 38. R8c7 Bh3+ 39. Kh2 Bd7+ 40. Kg2 Bh3+ 41. Kh2 Rh6 42. R1c5 dxc5 43. d6 Bf1+ 44. Kg1 c4+ 45. Kxf1 Rh1+ 0-1

[Event "GRE-ch U18"]
[Site "Peristeri"]
[Date "2010.01.08"]
[Round "8"]
[White "Liaskos, Leonidas"]
[Black "Linos, Efstathios"]
[Result "1-0"]
[WhiteElo "2071"]
[BlackElo "1740"]
[PlyCount "106"]
[EventDate "2010.01.03"]
[EventType "swiss"]
[EventRounds "9"]
[EventCountry "GRE"]
[SourceTitle "CBM 134 Extra"]
[Source "ChessBase"]
[SourceDate "2010.03.03"]
[SourceVersion "1"]
[SourceVersionDate "2010.03.03"]
[SourceQuality "1"]

1. e4 d5 2. exd5 Qxd5 3. Nc3 Qa5 4. Bc4 Nf6 5. d3 c6 6. Nge2 Bf5 7. 0-0 Nbd7 8. Ng3 Bg6 9. f4 e6 10. Bd2 Qc5+ 11. Kh1 Nb6 12. Bb3 0-0-0 13. Qf3 Nbd5 14. Nce4 Bxe4 15. dxe4 Nb6 16. Be3 Qe7 17. a4 Kb8 18. a5 Nc8 19. c4 h5 20. e5 Ng4 21. Bg1 a6 22. Ne4 Qh4 23. g3 Qe7 24. Rfd1 Rxd1 25. Rxd1 Qc7 26. Qc3 h4 27. Kg2 hxg3 28. hxg3 Be7 29. Nd6 f6 30. c5 fxe5 31. fxe5 Bxd6 32. cxd6 Qd7 33. Qd4 Nh6 34. Rf1 Nf5 35. Qc4 g6 36. Qxe6 Qh7 37. Rf3 Qh1+ 38. Kf2 Nd4 39. Qg4 Nxf3 40. Qxf3 Qh6 41. Qe3 Rf8+ 42. Kg2 Qg7 43. Be6 Rd8 44. Bxc8 Kxc8 45. Qb6 Qd7 46. Qa7 Qe8 47. Bb6 Kd7 48. Bxd8 Qxd8 49. Qxb7+ Ke6 50. b4 Kd5 51. Qf7+ Kd4 52. d7 Qg5 53. Qf4+ Kd5 1-0

[Event "Nikaia op 17th"]
[Site "Nikaia"]
[Date "2009.08.26"]
[Round "6"]
[White "Liaskos, Leonidas"]
[Black "Skaperdas, Kostantinos"]
[Result "0-1"]
[WhiteElo "2007"]
[BlackElo "2222"]
[PlyCount "54"]
[EventDate "2009.08.22"]
[EventType "swiss"]
[EventRounds "9"]
[EventCountry "GRE"]
[SourceTitle "CBM 132 Extra"]
[Source "ChessBase"]
[SourceDate "2009.11.03"]
[SourceVersion "1"]
[SourceVersionDate "2009.11.03"]
[SourceQuality "1"]

1. e4 c5 2. Nf3 e6 3. d4 cxd4 4. Nxd4 Nc6 5. Nc3 Qc7 6. Be3 a6 7. Qd2 Nf6 8. 0-0-0 Be7 9. f3 h5 10. Kb1 b5 11. Bf4 e5 12. Nd5 Nxd5 13. exd5 Nxd4 14. Qxd4 d6 15. Qe4 exf4 16. Bd3 f5 17. Qxf4 0-0 18. Rhe1 Bf6 19. Bxf5 Bxf5 20. Qxf5 Qc5 21. Re4 Rae8 22. Rxe8 Rxe8 23. Qxh5 Re2 24. Qf5 Qb4 25. Qc8+ Kf7 26. Qc7+ Re7 27. c3 Qxb2+ 0-1

[Event "GRE-ch U16"]
[Site "Kallithea"]
[Date "2009.07.01"]
[Round "9"]
[White "Liaskos, Leonidas"]
[Black "Athanasiou, Georgios"]
[Result "1-0"]
[WhiteElo "1998"]
[BlackElo "1926"]
[PlyCount "61"]
[EventDate "2009.06.25"]
[EventType "swiss"]
[EventRounds "9"]
[EventCountry "GRE"]
[SourceTitle "EXT 2011"]
[Source "ChessBase"]
[SourceDate "2010.11.26"]
[SourceVersion "1"]
[SourceVersionDate "2010.11.26"]
[SourceQuality "1"]

1. e4 g6 2. Nc3 Bg7 3. d4 c6 4. Be3 Qb6 5. Qd2 Qxb2 6. Rb1 Qa3 7. Bc4 e6 8. h4 d5 9. Bb3 dxe4 10. Nxe4 Nf6 11. Nxf6+ Bxf6 12. h5 Nd7 13. Nf3 b6 14. Bg5 Qe7 15. hxg6 fxg6 16. 0-0 h6 17. Bxf6 Nxf6 18. Ne5 Qd6 19. Qf4 Rf8 20. Qxh6 Kd8 21. Qg7 Bd7 22. Nf7+ Rxf7 23. Qxf7 Ng4 24. g3 Kc7 25. Qxg6 Qxd4 26. Rbd1 Ne5 27. Qf6 Qc5 28. Rfe1 Nc4 29. Rxd7+ Kxd7 30. Qxe6+ Kc7 31. Qf7+ 1-0

[Event "GRE-ch U16"]
[Site "Kallithea"]
[Date "2009.06.27"]
[Round "4"]
[White "Serntedakis, Athanasios"]
[Black "Liaskos, Leonidas"]
[Result "0-1"]
[WhiteElo "1904"]
[BlackElo "1998"]
[PlyCount "56"]
[EventDate "2009.06.25"]
[EventType "swiss"]
[EventRounds "9"]
[EventCountry "GRE"]
[SourceTitle "EXT 2011"]
[Source "ChessBase"]
[SourceDate "2010.11.26"]
[SourceVersion "1"]
[SourceVersionDate "2010.11.26"]
[SourceQuality "1"]

1. e4 c5 2. d3 Nc6 3. Nc3 e6 4. g3 a6 5. Bg2 Nf6 6. f4 d5 7. e5 Nd7 8. Nf3 b5 9. 0-0 Be7 10. Kh1 Bb7 11. Ne2 Qb6 12. Be3 0-0-0 13. c3 Qc7 14. a4 b4 15. cxb4 Nxb4 16. Rc1 Kb8 17. d4 c4 18. b3 Qa5 19. bxc4 dxc4 20. Nd2 Bxg2+ 21. Kxg2 Nb6 22. Nxc4 Nxc4 23. Bd2 Qd5+ 24. Kg1 a5 25. Bxb4 Bxb4 26. Qd3 Rc8 27. Nc3 Nb2 28. Qd2 Qb3 0-1

[Event "GRE-ch U16"]
[Site "Kallithea"]
[Date "2009.06.26"]
[Round "2"]
[White "Tsounis, Serafim"]
[Black "Liaskos, Leonidas"]
[Result "0-1"]
[WhiteElo "1823"]
[BlackElo "1998"]
[PlyCount "64"]
[EventDate "2009.06.25"]
[EventType "swiss"]
[EventRounds "9"]
[EventCountry "GRE"]
[SourceTitle "EXT 2011"]
[Source "ChessBase"]
[SourceDate "2010.11.26"]
[SourceVersion "1"]
[SourceVersionDate "2010.11.26"]
[SourceQuality "1"]

1. d4 Nf6 2. c4 g6 3. Nc3 Bg7 4. e4 d6 5. Nf3 0-0 6. Be2 e5 7. 0-0 Nc6 8. d5 Ne7 9. b4 Nh5 10. Re1 f5 11. Ng5 Nf6 12. Bf3 Kh8 13. Bb2 Nfg8 14. Qb3 Nxd5 15. Nxd5 c6 16. Nxh7 Kxh7 17. Nc3 Be6 18. a4 Nf6 19. Rad1 Qe7 20. Qc2 f4 21. Qd3 Rad8 22. a5 g5 23. h3 Rg8 24. Nd5 Qf7 25. a6 g4 26. hxg4 Nxg4 27. Bxg4 Bxg4 28. f3 Be6 29. Nc3 Bf6 30. Nd5 Rxg2+ 31. Kxg2 Qg6+ 32. Kh1 Qh5+ 0-1

[Event "Heraklio op 13th"]
[Site "Heraklion"]
[Date "2009.06.19"]
[Round "7"]
[White "Liaskos, Leonidas"]
[Black "Panagiotakos, Nikolaos"]
[Result "0-1"]
[WhiteElo "1998"]
[BlackElo "2161"]
[PlyCount "100"]
[EventDate "2009.06.13"]
[EventType "swiss"]
[EventRounds "9"]
[EventCountry "GRE"]
[SourceTitle "EXT 2011"]
[Source "ChessBase"]
[SourceDate "2010.11.26"]
[SourceVersion "1"]
[SourceVersionDate "2010.11.26"]
[SourceQuality "1"]
[WhiteTeam "Greece"]
[BlackTeam "Turkey"]
[WhiteTeamCountry "GRE"]
[BlackTeamCountry "TUR"]

1. e4 e5 2. Nf3 Nc6 3. Bb5 a6 4. Ba4 Nf6 5. 0-0 Be7 6. Re1 b5 7. Bb3 0-0 8. d3 d6 9. c3 Bb7 10. Nbd2 Re8 11. Ng5 Rf8 12. Ngf3 h6 13. Nf1 Re8 14. Ng3 Bf8 15. Nh4 Na5 16. Ng6 Nxb3 17. Qxb3 d5 18. Nxf8 Kxf8 19. Qc2 Qd7 20. Be3 Rad8 21. Rad1 Qc6 22. Qe2 Kg8 23. f3 Qe6 24. Qf2 dxe4 25. fxe4 Ng4 26. Qf3 Nxe3 27. Rxe3 Qxa2 28. Nf5 Qe6 29. Qg4 Qg6 30. Qe2 Bc8 31. Rg3 Qb6+ 32. Kh1 Bxf5 33. exf5 e4 34. Qg4 Qf6 35. d4 Rd5 36. Rf1 e3 37. Rgf3 e2 38. Re1 c5 39. Rf4 cxd4 40. cxd4 h5 41. Qh4 Qxh4 42. Rxh4 Rxf5 43. Kg1 Re3 44. g4 Rg5 45. Kf2 Re4 46. Rxe2 Rxe2+ 47. Kxe2 Rxg4 48. Rxg4 hxg4 49. b4 Kf8 50. Ke3 Ke7 0-1

[Event "Attica-ch U16"]
[Site "Athens"]
[Date "2008.12.30"]
[Round "7"]
[White "Kosmas Lekkas, Dimitrios"]
[Black "Liaskos, Leonidas"]
[Result "1/2-1/2"]
[WhiteElo "2094"]
[BlackElo "2009"]
[PlyCount "54"]
[EventDate "2008.12.25"]
[EventType "swiss"]
[EventRounds "7"]
[EventCountry "GRE"]
[SourceTitle "EXT 2011"]
[Source "ChessBase"]
[SourceDate "2010.11.26"]
[SourceVersion "1"]
[SourceVersionDate "2010.11.26"]
[SourceQuality "1"]

1. d4 Nf6 2. c4 g6 3. Nc3 Bg7 4. e4 d6 5. Nf3 0-0 6. Be2 e5 7. Be3 c6 8. d5 Na6 9. Nd2 Ne8 10. Rb1 f5 11. f3 Bh6 12. Bf2 c5 13. 0-0 Nf6 14. Re1 Nh5 15. Bf1 Nf4 16. Kh1 Nb4 17. Be3 Bg5 18. exf5 gxf5 19. Nb3 Nh5 20. Bxg5 Qxg5 21. a3 Na6 22. Qd2 Qh4 23. Kg1 Rf6 24. Qf2 Qg5 25. Nc1 Bd7 26. Nd3 Nf4 27. Qe3 Nh3+ 1/2-1/2

[Event "Attica-ch U16"]
[Site "Athens"]
[Date "2008.12.28"]
[Round "5"]
[White "Liaskos, Leonidas"]
[Black "Kasidonis, Antonios"]
[Result "1-0"]
[WhiteElo "2009"]
[BlackElo "1703"]
[PlyCount "81"]
[EventDate "2008.12.25"]
[EventType "swiss"]
[EventRounds "7"]
[EventCountry "GRE"]
[SourceTitle "EXT 2011"]
[Source "ChessBase"]
[SourceDate "2010.11.26"]
[SourceVersion "1"]
[SourceVersionDate "2010.11.26"]
[SourceQuality "1"]

1. e4 c5 2. Nf3 d6 3. d4 cxd4 4. Nxd4 Nf6 5. Nc3 a6 6. Be3 e6 7. f3 Be7 8. Qd2 0-0 9. g4 b5 10. 0-0-0 Bb7 11. g5 Nfd7 12. h4 b4 13. Nce2 d5 14. Ng3 Nc6 15. Nxc6 Bxc6 16. h5 Ne5 17. Be2 Nc4 18. Bxc4 dxc4 19. Qxd8 Raxd8 20. Ne2 Bb5 21. Nd4 Bc5 22. Kb1 Bxd4 23. Bxd4 a5 24. h6 g6 25. Bf6 Rxd1+ 26. Rxd1 Re8 27. Rd6 Ra8 28. Rb6 Ba6 29. Kc1 Kf8 30. Kd2 Ke8 31. c3 bxc3+ 32. Bxc3 a4 33. Rb4 a3 34. bxa3 Rd8+ 35. Kc2 Rd3 36. Rb8+ Kd7 37. Rh8 Rxf3 38. Rxh7 Rf2+ 39. Kd1 Rxa2 40. Rxf7+ Ke8 41. Ra7 1-0

[Event "GRE-chT U16"]
[Site "Chalkida"]
[Date "2008.10.12"]
[Round "3.2"]
[White "Liaskos, Leonidas"]
[Black "Kaforos, Dimitrios Alkis"]
[Result "1/2-1/2"]
[WhiteElo "2009"]
[BlackElo "2163"]
[PlyCount "52"]
[EventDate "2008.10.11"]
[EventType "team-swiss"]
[EventRounds "5"]
[EventCountry "GRE"]
[SourceTitle "EXT 2011"]
[Source "ChessBase"]
[SourceDate "2010.11.26"]
[SourceVersion "1"]
[SourceVersionDate "2010.11.26"]
[SourceQuality "1"]

1. e4 c5 2. Nf3 d6 3. d4 cxd4 4. Nxd4 Nf6 5. Nc3 g6 6. Be3 Bg7 7. f3 0-0 8. Qd2 Nc6 9. Bc4 Bd7 10. h4 Rc8 11. Bb3 h5 12. 0-0-0 Ne5 13. Bh6 Nc4 14. Bxc4 Rxc4 15. Bxg7 Kxg7 16. Kb1 Qa5 17. Nb3 Qc7 18. g4 hxg4 19. h5 Rxc3 20. bxc3 Rh8 21. hxg6 Rxh1 22. Rxh1 fxg6 23. fxg4 Bxg4 24. Qe3 Qb6 25. Qxb6 axb6 26. Nd2 g5 1/2-1/2

[Event "GRE-ch U16"]
[Site "Kallithea"]
[Date "2008.07.03"]
[Round "8"]
[White "Hrisomalis, Theodoros"]
[Black "Liaskos, Leonidas"]
[Result "1/2-1/2"]
[WhiteElo "1881"]
[BlackElo "1964"]
[PlyCount "68"]
[EventDate "2008.06.28"]
[EventType "swiss"]
[EventRounds "9"]
[EventCountry "GRE"]
[SourceTitle "EXT 2010"]
[Source "ChessBase"]
[SourceDate "2010.11.25"]
[SourceVersion "1"]
[SourceVersionDate "2010.11.25"]
[SourceQuality "1"]

1. e4 d5 2. exd5 Qxd5 3. Nc3 Qd6 4. Bc4 Nf6 5. Nge2 a6 6. d3 Nc6 7. 0-0 Bf5 8. Ng3 g6 9. Nce4 Nxe4 10. dxe4 Be6 11. Bxe6 Qxe6 12. f4 Rd8 13. Qe1 Nd4 14. Qf2 h5 15. f5 gxf5 16. Nxf5 Qxe4 17. Nxd4 Qxd4 18. Be3 Qd5 19. Rad1 Qe6 20. Qxf7+ Qxf7 21. Rxd8+ Kxd8 22. Rxf7 Kd7 23. Kf2 Ke6 24. Rf3 Bg7 25. c3 Rd8 26. Ke2 Rd5 27. Bf4 c6 28. Re3+ Kf7 29. b3 e5 30. Bg3 Ke6 31. Be1 Kf5 32. Rf3+ Kg6 33. Rg3+ Kf6 34. Rf3+ Kg6 1/2-1/2

[Event "Athens op"]
[Site "Athens"]
[Date "2008.06.14"]
[Round "1"]
[White "Liaskos, Leonidas"]
[Black "Sergeev, Albert"]
[Result "0-1"]
[WhiteElo "1964"]
[BlackElo "2379"]
[PlyCount "90"]
[EventDate "2008.06.14"]
[EventType "swiss"]
[EventRounds "9"]
[EventCountry "GRE"]
[SourceTitle "CBM 125 Extra"]
[Source "ChessBase"]
[SourceDate "2008.09.01"]
[SourceVersion "1"]
[SourceVersionDate "2008.09.01"]
[SourceQuality "1"]

1. e4 c5 2. Nf3 e6 3. d4 cxd4 4. Nxd4 Nf6 5. Bd3 Nc6 6. Nxc6 bxc6 7. 0-0 d5 8. e5 Nd7 9. Re1 Rb8 10. Nd2 Nc5 11. Nf3 Qb6 12. b3 a5 13. Be3 Ba6 14. Rc1 Qb7 15. Bxc5 Bxc5 16. Qe2 Bxd3 17. cxd3 Ba3 18. Rc2 0-0 19. d4 Rfc8 20. Qd3 h6 21. g4 Qb5 22. Qe3 a4 23. Rb1 Be7 24. b4 c5 25. Qc1 Qd3 26. Kg2 c4 27. a3 Qe4 28. Kg3 f5 29. exf6 Bd6+ 30. Ne5 Qxd4 31. f7+ Kf8 32. f4 Bxe5 33. fxe5 Qxe5+ 34. Qf4 Qxf4+ 35. Kxf4 Kxf7 36. Ke5 Ke7 37. h4 Rf8 38. Rc3 Rf2 39. Rg1 Re2+ 40. Kf4 Rf8+ 41. Kg3 Rb2 42. g5 h5 43. Rgc1 Kd6 44. R1c2 Rb3 45. Kg2 g6 0-1

[Event "Athens Egaleo op 7th"]
[Site "Athens"]
[Date "2008.01.30"]
[Round "6.5"]
[White "Liaskos, Leonidas"]
[Black "Papadimitriou, Athanasios"]
[Result "1/2-1/2"]
[WhiteElo "1956"]
[BlackElo "2034"]
[PlyCount "71"]
[EventDate "2008.01.12"]
[EventType "swiss"]
[EventRounds "7"]
[EventCountry "GRE"]
[SourceTitle "EXT 2024"]
[Source "ChessBase"]
[SourceDate "2023.10.10"]
[SourceVersion "1"]
[SourceVersionDate "2023.10.10"]
[SourceQuality "1"]

1. e4 c6 2. d4 g6 3. Nc3 d5 4. f3 Bg7 5. Be3 dxe4 6. fxe4 Nf6 7. Nf3 0-0 8. Bd3 Nbd7 9. h3 Qa5 10. Qd2 e5 11. 0-0 exd4 12. Bxd4 Qc7 13. e5 Nd5 14. Nxd5 cxd5 15. Rae1 Nc5 16. Bxc5 Qxc5+ 17. Kh1 Be6 18. Qf4 b5 19. Qh4 Qb6 20. Ng5 h6 21. Nf3 a6 22. c3 Rae8 23. Nd4 Bd7 24. Qg3 Qb8 25. Nf3 b4 26. cxb4 Qxb4 27. Re2 Bb5 28. Bxb5 Qxb5 29. Rfe1 Qb6 30. b3 Qc7 31. Qg4 Re6 32. Nd4 Rxe5 33. Rxe5 Bxe5 34. Ne6 fxe6 35. Qxe6+ Qf7 36. Qxe5 1/2-1/2

[Event "Athens Egaleo op 7th"]
[Site "Athens"]
[Date "2008.01.19"]
[Round "3.5"]
[White "Sienczewski, Zbigniew"]
[Black "Liaskos, Leonidas"]
[Result "1/2-1/2"]
[WhiteElo "2170"]
[BlackElo "1956"]
[PlyCount "80"]
[EventDate "2008.01.12"]
[EventType "swiss"]
[EventRounds "7"]
[EventCountry "GRE"]
[SourceTitle "EXT 2024"]
[Source "ChessBase"]
[SourceDate "2023.10.10"]
[SourceVersion "1"]
[SourceVersionDate "2023.10.10"]
[SourceQuality "1"]

1. c4 Nf6 2. g3 g6 3. Bg2 Bg7 4. Nf3 0-0 5. 0-0 d6 6. Nc3 Nc6 7. d3 e5 8. Rb1 a5 9. a3 h6 10. b4 axb4 11. axb4 Be6 12. b5 Ne7 13. Bb2 Qd7 14. Qb3 Bh3 15. Ra1 Rab8 16. Ra7 Bxg2 17. Kxg2 Nh5 18. Nd5 Nxd5 19. cxd5 Qg4 20. e3 e4 21. dxe4 Bxb2 22. Qxb2 Qxe4 23. Rd1 Qe7 24. Qd4 Nf6 25. h4 Nd7 26. Qg4 Nc5 27. b6 cxb6 28. Rb1 Ra8 29. Rba1 Rxa7 30. Rxa7 Re8 31. Qf4 Kg7 32. Ra1 Ne4 33. Rb1 Ra8 34. Rb4 f5 35. Rb2 Ra5 36. h5 Rxd5 37. hxg6 b5 38. Nd4 Qe5 39. Qxe5+ Rxe5 40. Nxb5 Kxg6 1/2-1/2

[Event "Egaleo Neanika Attikis U18"]
[Site "Egaleo"]
[Date "2007.12.09"]
[Round "5"]
[White "Kourousis, Epaminondas"]
[Black "Liaskos, Leonidas"]
[Result "1/2-1/2"]
[WhiteElo "2076"]
[BlackElo "1914"]
[PlyCount "26"]
[EventDate "2007.12.04"]
[EventType "swiss"]
[EventRounds "5"]
[EventCountry "GRE"]
[SourceTitle "EXT 2024"]
[Source "ChessBase"]
[SourceDate "2023.10.10"]
[SourceVersion "1"]
[SourceVersionDate "2023.10.10"]
[SourceQuality "1"]

1. d4 Nf6 2. Nf3 g6 3. Bg5 Bg7 4. Nbd2 0-0 5. e4 d6 6. c3 h6 7. Bh4 Nbd7 8. Bc4 e5 9. dxe5 Nxe5 10. Nxe5 dxe5 11. 0-0 Qe7 12. Qe2 Be6 13. Rfd1 Rfe8 1/2-1/2